Central Library OPAC University of Rajshahi

Deaf children and their families / (Record no. 5827)

MARC details
000 -LEADER
fixed length control field 01228cam a2200313 a 4500
001 - CONTROL NUMBER
control field 5827
003 - CONTROL NUMBER IDENTIFIER
rucl marc code BD-RjUL
005 - DATE AND TIME OF LATEST TRANSACTION
control field 20211208234133.0
008 - FIXED-LENGTH DATA ELEMENTS--GENERAL INFORMATION
fixed length control field 140107r19951976enk b 001 0 eng d
020 ## - INTERNATIONAL STANDARD BOOK NUMBER
International Standard Book Number 0521438470
035 ## - SYSTEM CONTROL NUMBER
System control number (BD-RjUL)5866
040 ## - CATALOGING SOURCE
Original cataloging agency DLC
Transcribing agency DLC
Modifying agency DLC
-- (BD-RjUL)
Language of cataloging eng
041 ## - LANGUAGE CODE
Language code of text/sound track or separate title eng
082 00 - DEWEY DECIMAL CLASSIFICATION NUMBER
Classification number 362.423083
Edition number 20
Author mark and year GRD
100 1# - MAIN ENTRY--PERSONAL NAME
Personal name Gregory, Susan,
Dates associated with a name 1945-
9 (RLIN) 18308
245 10 - TITLE STATEMENT
Title Deaf children and their families /
Statement of responsibility, etc. Susan Gregory.
260 ## - PUBLICATION, DISTRIBUTION, ETC. (IMPRINT)
Place of publication, distribution, etc. Cambridge [England] ;
-- New York, USA :
Name of publisher, distributor, etc. Cambridge University Press,
Date of publication, distribution, etc. 1995.
300 ## - PHYSICAL DESCRIPTION
Pagination xxix, 239 p. ;
Size 22 cm.
500 ## - GENERAL NOTE
General note Originally published: The deaf child and his family. London : Allen & Unwin, 1976. With new introd.
504 ## - BIBLIOGRAPHY, ETC. NOTE
Bibliography, etc Includes bibliographical references (p. [235]-236) and index.
650 #0 - SUBJECT ADDED ENTRY--TOPICAL TERM
Topical term or geographic name as entry element Deaf children
General subdivision Family relationships.
9 (RLIN) 18309
856 41 - ELECTRONIC LOCATION AND ACCESS
Materials specified Sample text
Uniform Resource Identifier <a href="http://www.loc.gov/catdir/samples/cam031/94045183.html">http://www.loc.gov/catdir/samples/cam031/94045183.html</a>
Materials specified Publisher description
Uniform Resource Identifier <a href="http://www.loc.gov/catdir/description/cam026/94045183.html">http://www.loc.gov/catdir/description/cam026/94045183.html</a>
Materials specified Table of contents
Uniform Resource Identifier <a href="http://www.loc.gov/catdir/toc/cam026/94045183.html">http://www.loc.gov/catdir/toc/cam026/94045183.html</a>
942 ## - ADDED ENTRY ELEMENTS (KOHA)
Source of classification or shelving scheme Dewey Decimal Classification
Koha item type Books
Holdings
Lost status Source of classification or shelving scheme Damaged status Not for loan Collection code Permanent Location Current Location Shelving location Date acquired Source of acquisition Cost, normal purchase price Total Checkouts Full call number Date last seen Copy number Koha item type
  Dewey Decimal Classification   Not For Loan Non-fiction Central Library, University of Rajshahi Central Library, University of Rajshahi   28/03/2000 dhaka Lucky Cendicat 1283.00   362.423083 GRD 1995 07/01/2014 C-1 Books